| 000 | 01189nam a2200217Ia 4500 | ||
|---|---|---|---|
| 001 | 15256 | ||
| 003 | GE_BSU | ||
| 008 | 181216s||||||||xx |||||||||||||| ||und|| | ||
| 040 | _cGE_BSU | ||
| 080 | _a821.353.1+821.350.1-32 | ||
| 245 | _aჩვენი საუნჯე:ქართული მწერლობა ოც ტომად. ტ.9: იაკობ გოგებაშვილი, გიორგი წერეთელი, რაფიელ ერისთავი, გიორგი ჭალადიდელი, მამია გურიელი | ||
| 245 | _cრედ.გ.ნატროშვილი. მხატვ.ლ.გრიგოლია | ||
| 260 | _aთბილისი | ||
| 260 | _bნაკადული | ||
| 260 | _c1960 | ||
| 300 | _a384გვ.23სმ. | ||
| 653 | _aიაკობ გოგებაშვილი, გიორგი წერეთელი, რაფიელ ერისთავი, გიორგი ჭალადიდელი, მამია გურიელი | ||
| 653 | _aქართული მწერლობა. | ||
| 653 | _aჩვენი საუნჯე | ||
| 942 | _cBK | ||
| 999 |
_c48368 _d48368 |
||